Божественная Комедия. Т. 2: Чистилище (Запись № 13533395)

Подробности
000 -МАРКЕР
контрольное поле 01283nam2a2200253 4500
001 - ИДЕНТИФИКАТОР ЗАПИСИ
контрольное поле RU\NLR\BIBL_A\022665634
005 - ИДЕНТИФИКАТОР ВЕРСИИ
контрольное поле 20260120155311.0
010 ## - МЕЖДУНАРОДНЫЙ СТАНДАРТНЫЙ НОМЕР КНИГИ (ISBN)
Номер (ISBN) 978-5-9268-4628-4
Тираж 2500
021 ## - НОМЕР ГОСУДАРСТВЕННОЙ РЕГИСТРАЦИИ
Код страны Российская Федерация
Номер КН-П-25-059588
Номер Листа государственной регистраци КН-П-25-5735
035 ## - ДРУГИЕ СИСТЕМНЫЕ НОМЕРА
Идентификатор записи (NLR Aleph) 022665634
100 ## - ДАННЫЕ ОБЩЕЙ ОБРАБОТКИ
Данные общей обработки 20251114d2025 u y0rusy50 ca
101 1# - ЯЗЫК РЕСУРСА
Язык текста, звукозаписи и т.д. русский
Язык оригинала итальянский
102 ## - СТРАНА ПУБЛИКАЦИИ ИЛИ ПРОИЗВОДСТВА
Страна публикации Российская Федерация
105 ## - ПОЛЕ КОДИРОВАННЫХ ДАННЫХ: ТЕКСТОВЫЕ МАТЕРИАЛЫ, МОНОГРАФИЧЕСКИЕ
Кодированные данные о монографическом текстовом документе ac z 000gy
200 1# - ЗАГЛАВИЕ И СВЕДЕНИЯ ОБ ОТВЕТСТВЕННОСТИ
Основное заглавие Чистилище
Первые сведения об ответственности вступ. ст. и коммент. М. Л. Лозинского
210 ## - ПУБЛИКАЦИЯ, РАСПРОСТРАНЕНИЕ И ДР.
Дата издания, распространения и т.д. 2025
215 ## - ФИЗИЧЕСКАЯ ХАРАКТЕРИСТИКА
Специфическое обозначение материала и объем 350, [1] с.
Другие сведения о физической характеристике ил., портр.
320 ## - ПРИМЕЧАНИЯ О НАЛИЧИИ В ДОКУМЕНТЕ БИБЛИОГРАФИИ / УКАЗАТЕЛЯ
Текст примечания Библиогр. в тексте коммент.: с. 217-349
461 #0 - УРОВЕНЬ НАБОРА
Встроенное поле 001RU\NLR\BIBL_A\022665208
-- 2001#$aБожественная Комедия$eв 3 томах$fДанте Алигьери$gперевод с итальянского М. Л. Лозинского$gхудожник: М. И. Пиков$vТ. 2
-- 700#0$aДанте Алигьери$f1265-1321$3RU\NLR\AUTH\7712289
Системный номер (АБИС) связанной записи 13472222
Автор Данте Алигьери (1265-1321)
Место публикации Санкт-Петербург
Дата публикации 2025
Первые сведения об ответственности Данте Алигьери
Имя издателя, распространителя и т.д. Речь
Сведения, относящиеся к заглавию в 3 томах
Заглавие Божественная Комедия
ISBN 978-5-9268-4626-0
Номер тома Т. 2
942 ## - ДОПОЛНИТЕЛЬНЫЕ ЭЛЕМЕНТЫ ЗАПИСИ (АБИС)
Тип экземпляра АБИС Книга
980 ## - КОЛЛЕКЦИЯ
Название коллекции Национальная библиография

Нет доступных экземпляров.